01436nam a22002297a 4500003000400000005001700004008004100021020002800062040003400090050002500124100001700149245005100166250001300217260003900230300003800269500005300307520069800360650002701058650002101085650005301106650004701159OSt20260513104415.0260121t20242024-uka|||fr|||| 001 0 eng d a9781473791244cRM231.40 cMIU_NadiahdMIU_aindMILA_ain aHF5657.4 b.D78 2024 aDrury, Colin aManagement and cost accounting /cDrury Colin. a12th ed. aAndover:bCengage Learning,c2024. axvii, 876 p.:bcol. ill. ;c26cm. aIncludes bibliographical references (p. 699-706) aFor thirty-five years, Colin Drury’s Management and Cost Accounting has successfully helped learners master the key concepts and processes of management and cost accounting. Now in its eleventh edition, the book retains its trademark clear and accessible style, covering everything students need to know for their accounting career and exams. Every chapter has been updated to include an “Employability Skills” question, new review problems from accounting examination bodies and recent examples of well-known international organizations such as ACCA, CIMA and ATT. The new edition also includes introductions to emerging new technologies such as big data, the Internet of Things and AI. aManagerial accounting. aCost accounting. aManagerial accountingvProblems, exercises, etc. aCost accountingvProblems, exercises, etc.